[Event "CZE-chT 2223"]
[Site "Czech Republic"]
[Date "2023.01.08"]
[Round "6.6"]
[White "Zilka, Stepan"]
[Black "Vyprachticky, David"]
[Result "1-0"]
[WhiteElo "2594"]
[BlackElo "2285"]
[PlyCount "75"]
[EventDate "2022.10.15"]
[EventType "team-tourn"]
[EventRounds "11"]
[EventCountry "CZE"]
[SourceTitle "CBM 213 Extra"]
[Source "ChessBase"]
[SourceDate "2023.05.31"]
[SourceVersion "1"]
[SourceVersionDate "2023.05.31"]
[SourceQuality "1"]
[WhiteTeam "Novoborsky"]
[BlackTeam "Oaza Loznice.cz"]
[WhiteTeamCountry "CZE"]
[BlackTeamCountry "CZE"]

1. d4 Nf6 2. c4 c5 3. d5 e6 4. Nc3 exd5 5. cxd5 d6 6. e4 g6 7. f4 Bg7 8. Bb5+ Nfd7 9. Bd3 0-0 10. Nf3 Qa5 11. Bd2 Na6 12. a3 Re8 13. Rb1 f5 14. 0-0 c4 15. Bc2 fxe4 16. Nxe4 Qxd5 17. Bc3 Qxd1 18. Rbxd1 Nac5 19. Nxd6 Re2 20. Bxg7 Rxc2 21. Bc3 Nb6 22. Nd4 Rxc3 23. bxc3 Bg4 24. Rde1 Rd8 25. Re8+ Rxe8 26. Nxe8 Kf7 27. Re1 Nc8 28. Nb5 Be6 29. Ned6+ Nxd6 30. Nxd6+ Kf6 31. Ne4+ Nxe4 32. Rxe4 Ke7 33. Kf2 Kd6 34. Re5 Bd5 35. g4 b5 36. Ke3 Kc5 37. f5 gxf5 38. gxf5 1-0

[Event "Pardubice Czech op-E 33rd"]
[Site "Pardubice"]
[Date "2022.07.15"]
[Round "2.2"]
[White "Ocelak, Jakub"]
[Black "Vyprachticky, David"]
[Result "1-0"]
[WhiteElo "2120"]
[BlackElo "2302"]
[PlyCount "65"]
[EventDate "2022.07.14"]
[EventType "team-swiss"]
[EventRounds "7"]
[EventCountry "CZE"]
[SourceTitle "CBM 209 Extra"]
[Source "ChessBase"]
[SourceDate "2022.09.30"]
[SourceVersion "1"]
[SourceVersionDate "2022.09.30"]
[SourceQuality "1"]
[WhiteTeam "Ricany J"]
[BlackTeam "Praha Oaza"]
[WhiteTeamCountry "CZE"]
[BlackTeamCountry "CZE"]

1. d4 Nf6 2. Nc3 d5 3. Bf4 c5 4. e4 dxe4 5. dxc5 Qxd1+ 6. Rxd1 a6 7. Nge2 Bf5 8. Ng3 Bg6 9. b4 e6 10. a3 Be7 11. Be2 0-0 12. 0-0 Nc6 13. Bg5 Rfd8 14. Bxf6 Bxf6 15. Ncxe4 Bb2 16. c3 f5 17. Nd6 Bxc3 18. Bc4 f4 19. Ne2 Rxd6 20. cxd6 Be5 21. Bxe6+ Kf8 22. Rfe1 Rd8 23. d7 Bf7 24. Bxf7 Kxf7 25. Nc1 Bd4 26. Nb3 Rxd7 27. Kf1 Rd8 28. Nxd4 Rxd4 29. Rxd4 Nxd4 30. Rd1 Nb5 31. Rd7+ Kf8 32. a4 Nc3 33. a5 1-0

[Event "CZE-chT1W 2122"]
[Site "Czech Republic"]
[Date "2022.03.06"]
[Round "10.4"]
[White "Vyprachticky, David"]
[Black "Vlasak, Lukas"]
[Result "0-1"]
[WhiteElo "2332"]
[BlackElo "2438"]
[PlyCount "98"]
[EventDate "2021.10.10"]
[EventType "team-tourn"]
[EventRounds "11"]
[EventCountry "CZE"]
[SourceTitle "EXT 2023"]
[Source "ChessBase"]
[SourceDate "2022.10.05"]
[SourceVersion "1"]
[SourceVersionDate "2022.10.05"]
[SourceQuality "1"]
[WhiteTeam "Praha Oaza"]
[BlackTeam "Ricany Betsys"]
[WhiteTeamCountry "CZE"]
[BlackTeamCountry "CZE"]

1. e4 c6 2. d4 d5 3. f3 Qb6 4. Nc3 e6 5. f4 dxe4 6. Nxe4 Nd7 7. Nf3 Ngf6 8. Nc3 c5 9. d5 exd5 10. Nxd5 Nxd5 11. Qxd5 Be7 12. Bc4 0-0 13. 0-0 Qf6 14. Qe4 Nb6 15. Bd3 g6 16. Ne5 c4 17. Nxc4 Bf5 18. Qe5 Nxc4 19. Bxc4 Rac8 20. Bb3 Bxc2 21. Be3 Bxb3 22. axb3 a6 23. Bd4 Qxe5 24. Bxe5 Rfd8 25. Rfc1 f6 26. Rxc8 Rxc8 27. Bc3 Rd8 28. Kf2 Rd5 29. Kf3 Kf7 30. Ra5 Rd6 31. f5 Rb6 32. g4 Rxb3 33. Rd5 b5 34. Ke4 b4 35. Bd4 gxf5+ 36. Rxf5 Rh3 37. g5 Ke6 38. Ra5 f5+ 39. Rxf5 Rh4+ 40. Rf4 Rxf4+ 41. Kxf4 Bd6+ 42. Ke4 Bxh2 43. Bc5 Bd6 44. Bd4 b3 45. Bc3 Bc5 46. Bd2 Be7 47. Be3 a5 48. Bd2 a4 49. Bc1 Bxg5 0-1

[Event "CZE-chT1W 2122"]
[Site "Czech Republic"]
[Date "2022.02.06"]
[Round "8.3"]
[White "Orsag, Milan"]
[Black "Vyprachticky, David"]
[Result "1/2-1/2"]
[WhiteElo "2312"]
[BlackElo "2332"]
[PlyCount "81"]
[EventDate "2021.10.10"]
[EventType "team-tourn"]
[EventRounds "11"]
[EventCountry "CZE"]
[SourceTitle "EXT 2023"]
[Source "ChessBase"]
[SourceDate "2022.10.05"]
[SourceVersion "1"]
[SourceVersionDate "2022.10.05"]
[SourceQuality "1"]
[WhiteTeam "Neratovice"]
[BlackTeam "Praha Oaza"]
[WhiteTeamCountry "CZE"]
[BlackTeamCountry "CZE"]

1. d4 Nf6 2. c4 e6 3. Nf3 c5 4. e3 cxd4 5. exd4 d5 6. a3 Be7 7. Nc3 0-0 8. Bd3 dxc4 9. Bxc4 Nbd7 10. 0-0 Nb6 11. Ba2 Bd7 12. Ne5 Rc8 13. Bg5 Bc6 14. Nxc6 Rxc6 15. Qd3 Nbd5 16. Rfe1 Nxc3 17. bxc3 Re8 18. c4 Qa5 19. Bd2 Qc7 20. d5 exd5 21. cxd5 Rd8 22. Qe2 Rc2 23. Qxe7 Qxe7 24. Rxe7 Rxd2 25. Rxb7 a5 26. h3 Nxd5 27. Bb3 Kf8 28. Rc1 g6 29. Rc5 a4 30. Bxa4 Ne7 31. Rcc7 Re2 32. Rc2 Re1+ 33. Kh2 Ra8 34. Rb4 Ra1 35. Rf4 Rxa3 36. Bb5 R3a7 37. h4 h5 38. g3 Rd8 39. Be2 Rad7 40. Kg2 Rd2 41. Rxd2 1/2-1/2

[Event "Pardubice Czech op-E 32nd"]
[Site "Pardubice"]
[Date "2021.07.15"]
[Round "1.2"]
[White "Antoniewicz, Jakub"]
[Black "Vyprachticky, David"]
[Result "0-1"]
[WhiteElo "1881"]
[BlackElo "2326"]
[PlyCount "64"]
[EventDate "2021.07.15"]
[EventType "team-swiss"]
[EventRounds "7"]
[EventCountry "CZE"]
[SourceTitle "CBM 203 Extra"]
[Source "ChessBase"]
[SourceDate "2021.09.30"]
[SourceVersion "1"]
[SourceVersionDate "2021.09.30"]
[SourceQuality "1"]
[WhiteTeam "Wroclaw Hetman"]
[BlackTeam "Praha Oaza"]
[WhiteTeamCountry "POL"]
[BlackTeamCountry "CZE"]

1. d4 Nf6 2. Nc3 d5 3. Bf4 e6 4. e3 Be7 5. g4 h6 6. h4 Bd6 7. Nh3 c6 8. Bd3 Bxf4 9. Nxf4 Nbd7 10. f3 e5 11. dxe5 Nxe5 12. Qe2 b5 13. 0-0-0 b4 14. Nb1 Qa5 15. g5 Nfd7 16. e4 d4 17. Bc4 Qc5 18. Nd2 a5 19. g6 Nxg6 20. Nxg6 fxg6 21. Nb3 Qb6 22. Nxd4 Ne5 23. Rhg1 Qc5 24. Ne6 Bxe6 25. Bxe6 Qe7 26. f4 Qxe6 27. fxe5 Qxa2 28. Qg4 0-0 29. Qxg6 Ra7 30. Rd6 Qa1+ 31. Kd2 Qxb2 32. Qxh6 Qc3+ 0-1

[Event "Ceske Budejovice op"]
[Site "Ceske Budejovice"]
[Date "2021.07.02"]
[Round "2"]
[White "Vyprachticky, David"]
[Black "Sykora, Ondrej"]
[Result "1/2-1/2"]
[WhiteElo "2326"]
[BlackElo "2099"]
[PlyCount "218"]
[EventDate "2021.07.01"]
[EventType "swiss"]
[EventRounds "9"]
[EventCountry "CZE"]
[SourceTitle "CBM 203 Extra"]
[Source "ChessBase"]
[SourceDate "2021.09.30"]
[SourceVersion "1"]
[SourceVersionDate "2021.09.30"]
[SourceQuality "1"]

1. e4 e5 2. Nf3 Nc6 3. Bb5 a6 4. Ba4 d6 5. c3 Bd7 6. 0-0 g6 7. d4 Bg7 8. d5 Nce7 9. Bxd7+ Qxd7 10. c4 Nf6 11. Nc3 Nh5 12. Be3 0-0 13. c5 dxc5 14. Bxc5 Rfd8 15. Qb3 b6 16. Bxe7 Qxe7 17. Rac1 Bh6 18. Rc2 Nf6 19. Qc4 Ne8 20. Nb1 Rd7 21. Qc6 Rdd8 22. Rd1 f6 23. Nbd2 Qd7 24. Qxd7 Rxd7 25. Rdc1 Bf8 26. Rc6 Kf7 27. g4 g5 28. h4 h6 29. Kg2 Ra7 30. Nf1 Ng7 31. Ng3 Bc5 32. Nd2 gxh4 33. Ne2 h5 34. g5 Rd6 35. Rxd6 cxd6 36. gxf6 Kxf6 37. Rh1 Rf7 38. Nf3 Kg6 39. Nxh4+ Kg5 40. Nf3+ Kh6 41. a3 b5 42. b4 Bb6 43. Rc1 Rc7 44. Rc6 Rxc6 45. dxc6 Bd8 46. Nc3 Ne6 47. Nd5 Kg7 48. Ne1 Kf7 49. Nc2 Ke8 50. Nce3 Bc7 51. Nf5 Kd8 52. Kg3 Ng5 53. f3 Bb8 54. Ng7 h4+ 55. Kxh4 Nxf3+ 56. Kg4 Nd4 57. Nf5 Nxc6 58. Kf3 Kd7 59. Ke3 Ba7+ 60. Kd3 Bf2 61. Nf6+ Ke6 62. Ne8 Bb6 63. Nexd6 Bc7 64. Ne8 Bb8 65. Neg7+ Kf7 66. Nh5 Ke6 67. Ne3 Nd4 68. Ng7+ Kd7 69. Ngf5 Nc6 70. Nd5 Ke6 71. Kc3 Bd6 72. Nde3 Be7 73. Nd5 Bd6 74. Nfe3 Nd4 75. Nc2 Ne2+ 76. Kd2 Ng3 77. Ke3 Kd7 78. Na1 Bb8 79. Nb3 Ba7+ 80. Kf3 Nh5 81. Nc3 Nf6 82. Nd5 Ne8 83. Ke2 Nd6 84. Nd2 Bd4 85. Kd3 Bb2 86. a4 Bd4 87. a5 Nf7 88. Nf3 Ba7 89. Ke2 Bb8 90. Nd2 Bd6 91. Kd3 Nd8 92. Kc3 Nc6 93. Nb3 Ke6 94. Nc1 Nd4 95. Nd3 Nc6 96. Ne3 Nd8 97. Nf1 Nf7 98. Kd2 Nd8 99. Ne3 Nc6 100. Nc2 Be7 101. Kc3 Nb8 102. Na1 Bd6 103. Nb3 Bf8 104. Kd2 Bd6 105. Ke3 Ke7 106. Nbc5 Kf6 107. Kf3 Bf8 108. Kg4 Bh6 109. Kf3 Bf8 1/2-1/2

[Event "CZE-chT1W 1920"]
[Site "Czech Republic"]
[Date "2020.02.16"]
[Round "8.1"]
[White "Vyprachticky, David"]
[Black "Priehoda, Vitezslav"]
[Result "1-0"]
[WhiteElo "2250"]
[BlackElo "2344"]
[PlyCount "93"]
[EventDate "2019.10.20"]
[EventType "team-tourn"]
[EventRounds "11"]
[EventCountry "CZE"]
[SourceTitle "CBM 195 Extra"]
[Source "ChessBase"]
[SourceDate "2020.05.31"]
[SourceVersion "1"]
[SourceVersionDate "2020.05.31"]
[SourceQuality "1"]
[WhiteTeam "Praha Oaza"]
[BlackTeam "Lysa nad Labem III"]
[WhiteTeamCountry "CZE"]
[BlackTeamCountry "CZE"]

1. e4 e6 2. d4 d5 3. e5 c5 4. c3 Bd7 5. Nf3 Nc6 6. a3 Rc8 7. b4 cxd4 8. cxd4 Qb6 9. Be3 Nh6 10. Bd3 Nf5 11. 0-0 Be7 12. Nbd2 0-0 13. Nb3 Nxe3 14. fxe3 Nb8 15. Qe2 Qd8 16. Rac1 Rxc1 17. Rxc1 g6 18. Qc2 Ba4 19. Qc3 b6 20. Nbd2 Nc6 21. Nb1 Qd7 22. Qb2 a6 23. Bxa6 Nb8 24. Be2 Bb5 25. Nc3 Bxe2 26. Qxe2 Rc8 27. Qb2 Bf8 28. Kf2 h5 29. e4 Bh6 30. Rc2 Rc4 31. exd5 exd5 32. Ne2 Nc6 33. Rxc4 dxc4 34. Qc2 b5 35. Qe4 Ne7 36. Nc3 Bc1 37. a4 bxa4 38. Qa8+ Kg7 39. Qxa4 Qf5 40. Qd1 Bb2 41. Qd2 Ba3 42. Nb5 Nd5 43. Nxa3 c3 44. Qc2 Qc8 45. Qb1 Qa6 46. Qb3 Nf4 47. b5 1-0

[Event "CZE-chT1W 1819"]
[Site "Czech Republic"]
[Date "2019.04.07"]
[Round "11.2"]
[White "Vokac, Marek"]
[Black "Vyprachticky, David"]
[Result "1/2-1/2"]
[WhiteElo "2384"]
[BlackElo "2360"]
[PlyCount "39"]
[EventDate "2018.10.21"]
[EventType "team-tourn"]
[EventRounds "11"]
[EventCountry "CZE"]
[SourceTitle "CBM 189 Extra"]
[Source "ChessBase"]
[SourceDate "2019.06.03"]
[SourceVersion "1"]
[SourceVersionDate "2019.06.03"]
[SourceQuality "1"]
[WhiteTeam "Ceske Budejovice"]
[BlackTeam "Praha Oaza"]
[WhiteTeamCountry "CZE"]
[BlackTeamCountry "CZE"]

1. c4 e5 2. Nc3 Nf6 3. Nf3 Nc6 4. e3 Bb4 5. Qc2 0-0 6. Nd5 Re8 7. a3 Bf8 8. d3 d6 9. Be2 Nxd5 10. cxd5 Ne7 11. e4 c6 12. dxc6 Nxc6 13. 0-0 Bg4 14. Be3 Rc8 15. Qa4 Qa5 16. Qd1 Bxf3 17. Bxf3 Nd4 18. Bg4 Rc7 19. Rc1 Ree7 20. Rc4 1/2-1/2